[Event "Madrid-chT 2324"]
[Site "Madrid"]
[Date "2024.03.09"]
[Round "13.4"]
[White "Fernandez Alvarez, Luis"]
[Black "Renteria Becerra, Jorge Elicer"]
[Result "0-1"]
[WhiteElo "2203"]
[BlackElo "2194"]
[PlyCount "88"]
[EventDate "2023.11.19"]
[EventType "team-tourn"]
[EventRounds "14"]
[EventCountry "ESP"]
[SourceTitle "AjedrezenMadrid"]
[Source "lmi"]
[SourceDate "2023.11.19"]
[SourceVersion "1"]
[SourceVersionDate "2024.03.19"]
[SourceQuality "1"]
[WhiteTeam "San Sebastian de los Reyes"]
[BlackTeam "Blanco y Negro"]
[WhiteTeamCountry "ESP"]
[BlackTeamCountry "ESP"]

1. e4 c5 2. Nf3 d6 3. d4 cxd4 4. Nxd4 Nf6 5. Nc3 a6 6. Bg5 Nc6 7. Qd2 e6 8.
O-O-O h6 9. Nxc6 bxc6 10. Bf4 d5 11. Qe3 Be7 12. Be2 Nd7 13. Qg3 Bg5 14. h4
Bxf4+ 15. Qxf4 Rb8 16. g4 Qa5 17. Qe3 Qb6 18. Qxb6 Nxb6 19. a3 a5 20. Rhg1 g5
21. f4 gxf4 22. exd5 cxd5 23. Rgf1 Ke7 24. Rxf4 e5 25. Rf2 Be6 26. Rg1 Rhg8 27.
g5 hxg5 28. hxg5 Rg7 29. Rfg2 Rbg8 30. Bd3 e4 31. Be2 Kd6 32. Bf1 Ke5 33. Ne2
Nc4 34. Rg3 Nd6 35. Kd2 Nf5 36. Rb3 Nh4 37. Rh1 Nf3+ 38. Ke3 d4+ 39. Nxd4 Nxd4
40. Rc3 Nf5+ 41. Kf2 e3+ 42. Ke1 Rxg5 43. Rc5+ Kf6 44. Rxa5 Rg1 0-1

[Event "Madrid-chT 2324"]
[Site "Madrid"]
[Date "2024.03.09"]
[Round "13.5"]
[White "Alarcia Astiz, Carlos"]
[Black "Quevedo Marin, Manuel"]
[Result "1-0"]
[WhiteElo "2236"]
[BlackElo "2101"]
[PlyCount "83"]
[EventDate "2023.11.19"]
[EventType "team-tourn"]
[EventRounds "14"]
[EventCountry "ESP"]
[SourceTitle "AjedrezenMadrid"]
[Source "lmi"]
[SourceDate "2023.11.19"]
[SourceVersion "1"]
[SourceVersionDate "2024.03.19"]
[SourceQuality "1"]
[WhiteTeam "Blanco y Negro"]
[BlackTeam "San Sebastian de los Reyes"]
[WhiteTeamCountry "ESP"]
[BlackTeamCountry "ESP"]

1. e4 c5 2. Nf3 Nc6 3. d4 cxd4 4. Nxd4 e5 5. Nb5 d6 6. N1c3 a6 7. Na3 b5 8. Nd5
Nf6 9. Nxf6+ gxf6 10. c4 b4 11. Nc2 Bg7 12. Nxb4 Nxb4 13. Qa4+ Qd7 14. Qxb4 Bb7
15. Bd3 O-O 16. O-O f5 17. f3 fxe4 18. Bxe4 Rab8 19. Qa3 d5 20. Qd3 f5 21.
Bxd5+ Kh8 22. Rb1 Bxd5 23. cxd5 Rb5 24. Be3 Rxd5 25. Qxa6 Rd3 26. Bf2 e4 27.
fxe4 fxe4 28. Bg3 Re8 29. Rfe1 Bd4+ 30. Kh1 Rxg3 31. hxg3 Qg4 32. Qe2 Qxg3 33.
Qh5 Re5 34. Qh3 Qf2 35. Rf1 Qe3 36. Qc8+ Kg7 37. Qf8+ Kg6 38. Qf6+ Kh5 39. Rf5+
Rxf5 40. Qxf5+ Kh4 41. Rf1 Kg3 42. Qh3# 1-0

[Event "Madrid-chT 2324"]
[Site "Madrid"]
[Date "2024.03.09"]
[Round "13.6"]
[White "Hernandez Ramos, David"]
[Black "Lang, Zalan Andreas"]
[Result "0-1"]
[WhiteElo "2090"]
[BlackElo "2213"]
[PlyCount "56"]
[EventDate "2023.11.19"]
[EventType "team-tourn"]
[EventRounds "14"]
[EventCountry "ESP"]
[SourceTitle "AjedrezenMadrid"]
[Source "lmi"]
[SourceDate "2023.11.19"]
[SourceVersion "1"]
[SourceVersionDate "2024.03.19"]
[SourceQuality "1"]
[WhiteTeam "San Sebastian de los Reyes"]
[BlackTeam "Blanco y Negro"]
[WhiteTeamCountry "ESP"]
[BlackTeamCountry "ESP"]

1. d4 Nf6 2. c4 e6 3. Nf3 b6 4. a3 Bb7 5. Bf4 c5 6. Nc3 cxd4 7. Nb5 d6 8. Qxd4
e5 9. Nxe5 dxe5 10. Qxe5+ Be7 11. Rd1 Nbd7 12. Nd6+ Kf8 13. Nxb7 Nxe5 14. Nxd8
Ng6 15. Nxf7 Kxf7 16. g3 Nxf4 17. gxf4 Rad8 18. Rc1 Ng4 19. Bg2 Bh4 20. Bd5+
Kf6 21. O-O Kf5 22. e3 Rd6 23. Kg2 Rg6 24. Rfe1 Ne5+ 25. Kh3 Nd3 26. Kxh4 Rg4+
27. Kh5 g6+ 28. Kh6 Kf6 0-1

[Event "Madrid-chT 2324"]
[Site "Madrid"]
[Date "2024.03.10"]
[Round "13.1"]
[White "Plazuelo Pascual, Juan"]
[Black "Quispe Arteaga, Gabriel"]
[Result "1/2-1/2"]
[WhiteElo "2439"]
[BlackElo "2401"]
[PlyCount "37"]
[EventDate "2023.11.19"]
[EventType "team-tourn"]
[EventRounds "14"]
[EventCountry "ESP"]
[SourceTitle "AjedrezenMadrid"]
[Source "lmi"]
[SourceDate "2023.11.19"]
[SourceVersion "1"]
[SourceVersionDate "2024.03.19"]
[SourceQuality "1"]
[WhiteTeam "Alcorcon Diagonal"]
[BlackTeam "Collado Villalba"]
[WhiteTeamCountry "ESP"]
[BlackTeamCountry "ESP"]

1. e4 e5 2. Nf3 Nf6 3. Nxe5 d6 4. Nf3 Nxe4 5. d4 d5 6. Bd3 Be7 7. O-O Bf5 8.
Re1 O-O 9. Nbd2 Nd6 10. Nf1 Bxd3 11. Qxd3 Nd7 12. Bf4 Re8 13. Qb3 Nb6 14. c3 c6
15. Ng3 f6 16. a4 Qd7 17. Qc2 a5 18. b3 Bf8 19. h3 1/2-1/2

[Event "Madrid-chT 2324"]
[Site "Madrid"]
[Date "2024.03.10"]
[Round "13.2"]
[White "Suarez Uriel, Adrian"]
[Black "Sanz Wawer, Daniel"]
[Result "1-0"]
[WhiteElo "2407"]
[BlackElo "2397"]
[PlyCount "99"]
[EventDate "2023.11.19"]
[EventType "team-tourn"]
[EventRounds "14"]
[EventCountry "ESP"]
[SourceTitle "AjedrezenMadrid"]
[Source "lmi"]
[SourceDate "2023.11.19"]
[SourceVersion "1"]
[SourceVersionDate "2024.03.19"]
[SourceQuality "1"]
[WhiteTeam "Collado Villalba"]
[BlackTeam "Alcorcon Diagonal"]
[WhiteTeamCountry "ESP"]
[BlackTeamCountry "ESP"]

1. e4 c6 2. d4 d5 3. e5 Bf5 4. Nf3 e6 5. Be2 Nd7 6. O-O h6 7. c3 Ne7 8. a4 g5
9. Na3 Bg7 10. Nc2 Qc7 11. Ne3 Bg6 12. h4 O-O-O 13. hxg5 hxg5 14. Nxg5 Rh6 15.
f4 Rdh8 16. Bd3 Bxd3 17. Qxd3 Ng6 18. Ng4 Rh1+ 19. Kf2 Rxf1+ 20. Qxf1 Rh4 21.
Qe2 Ndf8 22. g3 Rh8 23. Qd3 Nh7 24. Nxe6 fxe6 25. Qxg6 Qe7 26. Ne3 Nf8 27. Qg4
Qf7 28. Bd2 Rh2+ 29. Ng2 Ng6 30. Kg1 Rh8 31. Rf1 Ne7 32. Nh4 Nf5 33. Nxf5 exf5
34. Qf3 Qg6 35. Rf2 Rh3 36. Rg2 Bf8 37. Be1 Qh6 38. Re2 Be7 39. e6 Qg6 40. b3
Kd8 41. c4 dxc4 42. bxc4 Ke8 43. Bf2 Rh7 44. d5 c5 45. Be1 Qg7 46. Bc3 Bf6 47.
Bxf6 Qxf6 48. Re5 Qh6 49. Qg2 Qh5 50. Re2 1-0

[Event "Madrid-chT 2324"]
[Site "Madrid"]
[Date "2024.03.10"]
[Round "13.3"]
[White "Rey Martinez, Jaime"]
[Black "Martinez Conde Hernandez, Carlos"]
[Result "1-0"]
[WhiteElo "2312"]
[BlackElo "2238"]
[PlyCount "61"]
[EventDate "2023.11.19"]
[EventType "team-tourn"]
[EventRounds "14"]
[EventCountry "ESP"]
[SourceTitle "AjedrezenMadrid"]
[Source "lmi"]
[SourceDate "2023.11.19"]
[SourceVersion "1"]
[SourceVersionDate "2024.03.19"]
[SourceQuality "1"]
[WhiteTeam "Alcorcon Diagonal"]
[BlackTeam "Collado Villalba"]
[WhiteTeamCountry "ESP"]
[BlackTeamCountry "ESP"]

1. e4 c5 2. Nf3 Nc6 3. d4 cxd4 4. Nxd4 e6 5. Nxc6 bxc6 6. Bd3 Nf6 7. Nd2 d5 8.
Qe2 Be7 9. b3 a5 10. Bb2 O-O 11. O-O Qb6 12. c4 Bb7 13. Rac1 a4 14. c5 Qa7 15.
e5 Nd7 16. b4 Ba6 17. a3 Bxd3 18. Qxd3 Qa6 19. Qe3 Rae8 20. f4 f6 21. Nf3 fxe5
22. fxe5 h6 23. Rfe1 Rf7 24. Qe2 Qa8 25. Qc2 Qa6 26. Rf1 Ref8 27. Qg6 Qe2 28.
Bd4 Nxe5 29. Bxe5 Qe3+ 30. Kh1 Bf6 31. Bd6 1-0

[Event "Madrid-chT 2324"]
[Site "Madrid"]
[Date "2024.03.10"]
[Round "13.4"]
[White "Ruiz Buendia, Miguel"]
[Black "Neagu, Roberto Florin"]
[Result "1-0"]
[WhiteElo "2366"]
[BlackElo "2217"]
[PlyCount "103"]
[EventDate "2023.11.19"]
[EventType "team-tourn"]
[EventRounds "14"]
[EventCountry "ESP"]
[SourceTitle "AjedrezenMadrid"]
[Source "lmi"]
[SourceDate "2023.11.19"]
[SourceVersion "1"]
[SourceVersionDate "2024.03.19"]
[SourceQuality "1"]
[WhiteTeam "Collado Villalba"]
[BlackTeam "Alcorcon Diagonal"]
[WhiteTeamCountry "ESP"]
[BlackTeamCountry "ESP"]

1. e4 c5 2. Nf3 Nc6 3. Bb5 g6 4. Bxc6 dxc6 5. d3 Bg7 6. O-O Nf6 7. h3 Nd7 8.
Nc3 e5 9. Be3 b6 10. Qd2 h6 11. Nh2 Nf8 12. f4 exf4 13. Bxf4 Ne6 14. Be3 Nd4
15. Rae1 Be6 16. b3 Qd7 17. Ne2 Nxe2+ 18. Rxe2 O-O-O 19. Nf3 g5 20. Ref2 Rhf8
21. Qe2 f5 22. exf5 Rxf5 23. Nd2 Rdf8 24. Ne4 Rxf2 25. Rxf2 Rxf2 26. Qxf2 Qe7
27. a4 Be5 28. a5 Kb7 29. axb6 axb6 30. b4 c4 31. Bxb6 Qxb4 32. Nc5+ Ka8 33.
Qf8+ Bb8 34. Bc7 cxd3 35. cxd3 Bd5 36. Kh2 Qb2 37. Ne4 Bxe4 38. dxe4 Qb6 39.
Bg3 c5 40. e5 Kb7 41. Qf7+ Kc8 42. Qe8+ Kb7 43. Qf7+ Kc8 44. Qf8+ Kb7 45. Qf6
c4 46. Qf7+ Ka8 47. Qxc4 Qe3 48. Qa6+ Qa7 49. Qxh6 g4 50. Qc6+ Qb7 51. Qxb7+
Kxb7 52. e6 1-0

[Event "Madrid-chT 2324"]
[Site "Madrid"]
[Date "2024.03.10"]
[Round "13.5"]
[White "Esquivias Quintero, Luis Manuel"]
[Black "Centeno Mendoza, Julio Stefano"]
[Result "1-0"]
[WhiteElo "2254"]
[BlackElo "2068"]
[PlyCount "59"]
[EventDate "2023.11.19"]
[EventType "team-tourn"]
[EventRounds "14"]
[EventCountry "ESP"]
[SourceTitle "AjedrezenMadrid"]
[Source "lmi"]
[SourceDate "2023.11.19"]
[SourceVersion "1"]
[SourceVersionDate "2024.03.19"]
[SourceQuality "1"]
[WhiteTeam "Alcorcon Diagonal"]
[BlackTeam "Collado Villalba"]
[WhiteTeamCountry "ESP"]
[BlackTeamCountry "ESP"]

1. e4 e5 2. Nf3 Nc6 3. Bb5 a6 4. Ba4 Nf6 5. O-O b5 6. Bb3 Bc5 7. a4 Rb8 8. c3
Bb6 9. d4 d6 10. a5 Ba7 11. h3 Bb7 12. Be3 Nxe4 13. d5 Bxe3 14. dxc6 Nxf2 15.
Qe2 Nxh3+ 16. Kh1 Nf2+ 17. Rxf2 Bxf2 18. cxb7 Ba7 19. Bd5 O-O 20. Nbd2 Qe8 21.
Ng5 Qe7 22. Nde4 h6 23. Rf1 g6 24. Rf6 Kg7 25. Nxf7 c6 26. Qg4 Qxf6 27. Nxf6
cxd5 28. Nh5+ Kh7 29. Ng5+ hxg5 30. Qd7+ 1-0

[Event "Madrid-chT 2324"]
[Site "Madrid"]
[Date "2024.03.10"]
[Round "13.6"]
[White "Blanco Garcia, Liliam Barbara"]
[Black "Toncheva, Nadya"]
[Result "0-1"]
[WhiteElo "2068"]
[BlackElo "2257"]
[PlyCount "132"]
[EventDate "2023.11.19"]
[EventType "team-tourn"]
[EventRounds "14"]
[EventCountry "ESP"]
[SourceTitle "AjedrezenMadrid"]
[Source "lmi"]
[SourceDate "2023.11.19"]
[SourceVersion "1"]
[SourceVersionDate "2024.03.19"]
[SourceQuality "1"]
[WhiteTeam "Collado Villalba"]
[BlackTeam "Alcorcon Diagonal"]
[WhiteTeamCountry "ESP"]
[BlackTeamCountry "ESP"]

1. e4 c5 2. c3 d5 3. exd5 Qxd5 4. d4 Nf6 5. Nf3 Nc6 6. dxc5 Qxd1+ 7. Kxd1 Bg4
8. b4 e6 9. Be3 Nd5 10. Bb5 a5 11. Bd2 Be7 12. a3 O-O 13. h3 Bxf3+ 14. gxf3 Ne5
15. Ke2 Ng6 16. Ra2 axb4 17. cxb4 Ngf4+ 18. Bxf4 Nxf4+ 19. Kd1 b6 20. Rc2 bxc5
21. bxc5 Rfd8+ 22. Kc1 Ra5 23. a4 Bxc5 24. Rxc5 Nd3+ 25. Bxd3 Rxc5+ 26. Bc2
Rdc8 27. Na3 Rc3 28. Kb2 Rxf3 29. Rd1 Rxf2 30. a5 g5 31. a6 Ra8 32. Rd6 h5 33.
Kc1 Rf4 34. Nb5 g4 35. hxg4 hxg4 36. Nc7 g3 37. Rd3 Ra7 38. Rxg3+ Kf8 39. Rc3
Ke7 40. Bd3 Kd8 41. Nb5 Rxa6 42. Kd2 Ra2+ 43. Ke3 Rh4 44. Nd6 Ke7 45. Ne4 f5
46. Nf2 Kf6 47. Rb3 Rh2 48. Nd1 e5 49. Rb6+ Kg5 50. Bf1 Ra3+ 51. Bd3 e4 52. Nb2
Rxb2 53. Rxb2 Rxd3+ 54. Ke2 Kf4 55. Rb5 Rh3 56. Ra5 Rh2+ 57. Ke1 e3 58. Rb5 Ke4
59. Kf1 f4 60. Kg1 Ra2 61. Rb1 Kf3 62. Kf1 Rg2 63. Rb3 Ra2 64. Rb1 Kg3 65. Rb3
f3 66. Rb1 e2+ 0-1

[Event "Madrid-chT 2324"]
[Site "Madrid"]
[Date "2024.03.10"]
[Round "13.1"]
[White "Albornoz Cabrera, Carlos Daniel"]
[Black "Moreno Ruiz, Javier"]
[Result "1-0"]
[WhiteElo "2603"]
[BlackElo "2406"]
[PlyCount "119"]
[EventDate "2023.11.19"]
[EventType "team-tourn"]
[EventRounds "14"]
[EventCountry "ESP"]
[SourceTitle "AjedrezenMadrid"]
[Source "lmi"]
[SourceDate "2023.11.19"]
[SourceVersion "1"]
[SourceVersionDate "2024.03.19"]
[SourceQuality "1"]
[WhiteTeam "Tajamar"]
[BlackTeam "Mostoles"]
[WhiteTeamCountry "ESP"]
[BlackTeamCountry "ESP"]

1. e4 c5 2. Nf3 g6 3. d4 cxd4 4. Nxd4 Nc6 5. c4 Nf6 6. Nc3 d6 7. Be2 Nxd4 8.
Qxd4 Bg7 9. O-O O-O 10. Qd3 Bd7 11. Be3 a5 12. Bd4 Bc6 13. b3 Nd7 14. Bxg7 Kxg7
15. Rad1 Nc5 16. Qe3 e5 17. f4 exf4 18. Qxf4 Qe7 19. Qxd6 Qxd6 20. Rxd6 Nxe4
21. Nxe4 Bxe4 22. Bf3 Rae8 23. Rd7 Bxf3 24. Rxf3 Re2 25. a4 b6 26. Rb7 Re6 27.
Kf2 Kg8 28. Rd7 h5 29. h3 Kg7 30. Rf4 Kg8 31. Rf3 Kg7 32. Re3 Rf6+ 33. Ke2 Rc8
34. Rf3 Rcc6 35. Rd5 Rxf3 36. gxf3 Kf6 37. f4 Ke7 38. h4 Rc5 39. Rd1 f6 40. Rg1
Kf7 41. Kf3 Rf5 42. Ke4 Rc5 43. Rd1 g5 44. Rd7+ Ke6 45. Rb7 g4 46. f5+ Kd6 47.
Rxb6+ Rc6 48. Rb8 Rc5 49. Kf4 Re5 50. Rh8 g3 51. Rg8 Re1 52. Rxg3 Rh1 53. Rd3+
Kc6 54. Rd5 Rxh4+ 55. Kg3 Rg4+ 56. Kh3 Re4 57. Rxa5 Re3+ 58. Kh4 Rxb3 59. Kxh5
Rb4 60. Ra6+ 1-0

[Event "Madrid-chT 2324"]
[Site "Madrid"]
[Date "2024.03.10"]
[Round "13.2"]
[White "Valles Moreno, Ivan"]
[Black "Elias Reyes, Jorge Roberto"]
[Result "0-1"]
[WhiteElo "2340"]
[BlackElo "2473"]
[PlyCount "84"]
[EventDate "2023.11.19"]
[EventType "team-tourn"]
[EventRounds "14"]
[EventCountry "ESP"]
[SourceTitle "AjedrezenMadrid"]
[Source "lmi"]
[SourceDate "2023.11.19"]
[SourceVersion "1"]
[SourceVersionDate "2024.03.19"]
[SourceQuality "1"]
[WhiteTeam "Mostoles"]
[BlackTeam "Tajamar"]
[WhiteTeamCountry "ESP"]
[BlackTeamCountry "ESP"]

1. d4 Nf6 2. c4 e6 3. Nf3 d5 4. g3 dxc4 5. Bg2 Nc6 6. O-O Rb8 7. Nc3 b5 8. Ne5
Nxe5 9. dxe5 Nd7 10. Bc6 a6 11. Qd4 Bb7 12. Bxb7 Rxb7 13. a4 b4 14. Ne4 c5 15.
Qxc4 Nxe5 16. Qc2 b3 17. Qc3 Qd4 18. Qxd4 cxd4 19. Bf4 Nc4 20. Rfc1 Nxb2 21.
Bd6 Kd8 22. Rc6 Bxd6 23. Nxd6 Rc7 24. Rxa6 Ke7 25. Nb5 Rd7 26. Rb1 d3 27. exd3
Nxd3 28. Rc6 b2 29. Kg2 Ra8 30. Rc4 Rdd8 31. Rc7+ Kf6 32. Na7 Rd4 33. Nb5 Rdxa4
34. Rd7 Ra1 35. Nc3 Rxb1 36. Nxb1 Ne1+ 37. Kf1 Ra1 38. Rd1 Nd3 39. Ke2 Nc1+ 40.
Kd2 Rxb1 41. Kc2 Ra1 42. Kxb2 Ra2+ 0-1

[Event "Madrid-chT 2324"]
[Site "Madrid"]
[Date "2024.03.10"]
[Round "13.3"]
[White "Centron Antuna, Daniel"]
[Black "Moreno Ibanez, Miguel"]
[Result "1-0"]
[WhiteElo "2234"]
[BlackElo "2178"]
[PlyCount "91"]
[EventDate "2023.11.19"]
[EventType "team-tourn"]
[EventRounds "14"]
[EventCountry "ESP"]
[SourceTitle "AjedrezenMadrid"]
[Source "lmi"]
[SourceDate "2023.11.19"]
[SourceVersion "1"]
[SourceVersionDate "2024.03.19"]
[SourceQuality "1"]
[WhiteTeam "Tajamar"]
[BlackTeam "Mostoles"]
[WhiteTeamCountry "ESP"]
[BlackTeamCountry "ESP"]

1. e4 g6 2. d4 Bg7 3. c3 d6 4. Bd3 Nf6 5. Nf3 O-O 6. O-O Nc6 7. d5 Nb8 8. c4 e5
9. dxe6 Bxe6 10. Nc3 Nc6 11. b3 Nd7 12. Bg5 Qb8 13. Nd5 Re8 14. Rc1 Bg4 15. h3
Bxf3 16. Qxf3 Nce5 17. Qd1 c6 18. Nc3 Nxd3 19. Qxd3 Nc5 20. Qf3 Bxc3 21. Rxc3
Nxe4 22. Bh6 d5 23. Rd3 Qe5 24. cxd5 cxd5 25. Rfd1 Rad8 26. Be3 b6 27. Bd4 Qe6
28. Qf4 g5 29. Qc1 f6 30. Qb2 Rf8 31. Re3 Qd6 32. Rde1 Rf7 33. b4 Rdf8 34. Qb3
Qd7 35. Ba1 Qb5 36. a4 Qc6 37. Rd1 Nd6 38. Rxd5 Nc4 39. Red3 Rc8 40. Qd1 Qe6
41. Kh2 h6 42. Qh5 Kg7 43. h4 Kh7 44. hxg5 fxg5 45. Rxg5 Rcc7 46. Rdg3 1-0

[Event "Madrid-chT 2324"]
[Site "Madrid"]
[Date "2024.03.10"]
[Round "13.4"]
[White "Calvo Gonzalez, Jose Felix"]
[Black "Mkrtchyan, Levon"]
[Result "1/2-1/2"]
[WhiteElo "2113"]
[BlackElo "2272"]
[PlyCount "63"]
[EventDate "2023.11.19"]
[EventType "team-tourn"]
[EventRounds "14"]
[EventCountry "ESP"]
[SourceTitle "AjedrezenMadrid"]
[Source "lmi"]
[SourceDate "2023.11.19"]
[SourceVersion "1"]
[SourceVersionDate "2024.03.19"]
[SourceQuality "1"]
[WhiteTeam "Mostoles"]
[BlackTeam "Tajamar"]
[WhiteTeamCountry "ESP"]
[BlackTeamCountry "ESP"]

1. e4 e6 2. d4 d5 3. Nc3 Bb4 4. Nge2 dxe4 5. a3 Bxc3+ 6. Nxc3 Nc6 7. d5 exd5 8.
Qxd5 Be6 9. Qxe4 Nf6 10. Qh4 Qd4 11. Qxd4 Nxd4 12. Bd3 O-O-O 13. O-O Nb3 14.
Rb1 Rxd3 15. cxd3 Bf5 16. Bg5 Bxd3 17. Rbd1 Bxf1 18. Kxf1 Rd8 19. Rxd8+ Kxd8
20. Bxf6+ gxf6 21. Nd5 f5 22. Ke2 Kd7 23. f3 h6 24. Kd3 c6 25. Ne3 Ke6 26. Kc4
Nc1 27. f4 Ne2 28. g3 Ng1 29. Kd3 Nf3 30. h3 c5 31. Nc2 Kd5 32. Ne3+ 1/2-1/2

[Event "Madrid-chT 2324"]
[Site "Madrid"]
[Date "2024.03.10"]
[Round "13.5"]
[White "Rodriguez Avila, Alvaro"]
[Black "Medina Riesgo, Pedro"]
[Result "1/2-1/2"]
[WhiteElo "2142"]
[BlackElo "2176"]
[PlyCount "56"]
[EventDate "2023.11.19"]
[EventType "team-tourn"]
[EventRounds "14"]
[EventCountry "ESP"]
[SourceTitle "AjedrezenMadrid"]
[Source "lmi"]
[SourceDate "2023.11.19"]
[SourceVersion "1"]
[SourceVersionDate "2024.03.19"]
[SourceQuality "1"]
[WhiteTeam "Tajamar"]
[BlackTeam "Mostoles"]
[WhiteTeamCountry "ESP"]
[BlackTeamCountry "ESP"]

1. e4 c5 2. Nf3 g6 3. d4 cxd4 4. Nxd4 Nc6 5. c4 Nf6 6. Nc3 d6 7. Be2 Nxd4 8.
Qxd4 Bg7 9. Bg5 O-O 10. Qe3 Qa5 11. O-O Be6 12. Rac1 Rfc8 13. b3 Rc5 14. Nd5
Bxd5 15. exd5 Re8 16. Kh1 b5 17. f4 bxc4 18. bxc4 e6 19. Bxf6 Bxf6 20. f5 Qd8
21. fxe6 fxe6 22. Qf2 exd5 23. cxd5 Rxc1 24. Rxc1 Qe7 25. Bg4 Qe3 26. Qxe3 Rxe3
27. g3 Rc3 28. Rxc3 Bxc3 1/2-1/2

[Event "Madrid-chT 2324"]
[Site "Madrid"]
[Date "2024.03.10"]
[Round "13.6"]
[White "Guillo Longares, Cecilia"]
[Black "Rodriguez Lopez, David"]
[Result "1-0"]
[WhiteElo "2096"]
[BlackElo "2200"]
[PlyCount "49"]
[EventDate "2023.11.19"]
[EventType "team-tourn"]
[EventRounds "14"]
[EventCountry "ESP"]
[SourceTitle "AjedrezenMadrid"]
[Source "lmi"]
[SourceDate "2023.11.19"]
[SourceVersion "1"]
[SourceVersionDate "2024.03.19"]
[SourceQuality "1"]
[WhiteTeam "Mostoles"]
[BlackTeam "Tajamar"]
[WhiteTeamCountry "ESP"]
[BlackTeamCountry "ESP"]

1. d4 d5 2. c4 e6 3. Nc3 Nf6 4. cxd5 exd5 5. Bg5 Be6 6. e3 Nbd7 7. Bd3 c6 8.
Qc2 h6 9. Bh4 g5 10. Bg3 Nh5 11. Nge2 Nxg3 12. Nxg3 Qf6 13. Nf5 Nb6 14. O-O h5
15. Rab1 h4 16. f3 O-O-O 17. b4 Kb8 18. Nd1 Re8 19. Nf2 Bxf5 20. Bxf5 Rxe3 21.
Ng4 Qxd4 22. Qf2 Rd3 23. Bxd3 Qxd3 24. Qb2 Rg8 25. Qe5+ 1-0

[Event "Madrid-chT 2324"]
[Site "Madrid"]
[Date "2024.03.17"]
[Round "14.1"]
[White "Rottenwohrer Suarez, Juan"]
[Black "Plazuelo Pascual, Juan"]
[Result "1/2-1/2"]
[WhiteElo "2275"]
[BlackElo "2439"]
[PlyCount "37"]
[EventDate "2023.11.19"]
[EventType "team-tourn"]
[EventRounds "14"]
[EventCountry "ESP"]
[SourceTitle "AjedrezenMadrid"]
[Source "lmi"]
[SourceDate "2023.11.19"]
[SourceVersion "1"]
[SourceVersionDate "2024.03.19"]
[SourceQuality "1"]
[WhiteTeam "San Sebastian de los Reyes"]
[BlackTeam "Alcorcon Diagonal"]
[WhiteTeamCountry "ESP"]
[BlackTeamCountry "ESP"]

1. d4 e6 2. c4 b6 3. a3 Bb7 4. Nc3 Nf6 5. Bf4 Nh5 6. Bd2 Nf6 7. Qc2 c5 8. d5
exd5 9. cxd5 Nxd5 10. Nxd5 Bxd5 11. Nf3 Be7 12. e4 Be6 13. Bd3 Nc6 14. Bc3 O-O
15. e5 h6 16. Qe2 f5 17. Rd1 Qe8 18. O-O Qf7 19. Nd2 1/2-1/2

[Event "Madrid-chT 2324"]
[Site "Madrid"]
[Date "2024.03.17"]
[Round "14.3"]
[White "Martinez Fernandez, Raul"]
[Black "Rey Martinez, Jaime"]
[Result "0-1"]
[WhiteElo "2217"]
[BlackElo "2312"]
[PlyCount "68"]
[EventDate "2023.11.19"]
[EventType "team-tourn"]
[EventRounds "14"]
[EventCountry "ESP"]
[SourceTitle "AjedrezenMadrid"]
[Source "lmi"]
[SourceDate "2023.11.19"]
[SourceVersion "1"]
[SourceVersionDate "2024.03.19"]
[SourceQuality "1"]
[WhiteTeam "San Sebastian de los Reyes"]
[BlackTeam "Alcorcon Diagonal"]
[WhiteTeamCountry "ESP"]
[BlackTeamCountry "ESP"]

1. e4 c5 2. Nf3 Nc6 3. d4 cxd4 4. Nxd4 g6 5. c4 Nf6 6. Nc3 d6 7. Be2 Nxd4 8.
Qxd4 Bg7 9. Be3 O-O 10. Qd3 Be6 11. Bd4 a5 12. O-O Nd7 13. Bxg7 Kxg7 14. Nd5
Bxd5 15. exd5 Qb6 16. Qc3+ Kg8 17. Rae1 f5 18. Kh1 f4 19. Bg4 Ne5 20. Be6+ Kg7
21. Re4 Qc5 22. f3 Rf6 23. b3 b5 24. Rc1 bxc4 25. bxc4 Rb8 26. a3 a4 27. Qc2
Rb3 28. h3 Nd3 29. Rf1 Qxa3 30. Bd7 Kf8 31. Bxa4 Rb2 32. Qd1 Qa2 33. Qa1 Nf2+
34. Kh2 Nxe4 0-1

[Event "Madrid-chT 2324"]
[Site "Madrid"]
[Date "2024.03.17"]
[Round "14.4"]
[White "Neagu, Roberto Florin"]
[Black "Quevedo Marin, Manuel"]
[Result "1-0"]
[WhiteElo "2217"]
[BlackElo "2104"]
[PlyCount "79"]
[EventDate "2023.11.19"]
[EventType "team-tourn"]
[EventRounds "14"]
[EventCountry "ESP"]
[SourceTitle "AjedrezenMadrid"]
[Source "lmi"]
[SourceDate "2023.11.19"]
[SourceVersion "1"]
[SourceVersionDate "2024.03.19"]
[SourceQuality "1"]
[WhiteTeam "Alcorcon Diagonal"]
[BlackTeam "San Sebastian de los Reyes"]
[WhiteTeamCountry "ESP"]
[BlackTeamCountry "ESP"]

1. Nf3 d5 2. d4 Nf6 3. c4 dxc4 4. e3 e6 5. Bxc4 a6 6. O-O c5 7. dxc5 Bxc5 8.
Qxd8+ Kxd8 9. Be2 Nc6 10. b3 Bd7 11. Bb2 Ke7 12. Nc3 Rhd8 13. Rac1 Be8 14. Na4
Bd6 15. Nb6 Rab8 16. Nc4 Bc5 17. Ne1 Kf8 18. Nd3 Be7 19. Rfd1 Nb4 20. Nxb4 Bxb4
21. Bf3 Nd5 22. e4 Nf6 23. Be5 Rbc8 24. Rxd8 Rxd8 25. Bc7 Rd3 26. e5 Nd5 27.
Bd6+ Bxd6 28. exd6 f6 29. Kf1 b5 30. Na5 Nc3 31. a3 b4 32. axb4 Bb5 33. Ke1 Ke8
34. Nb7 Nd5 35. Rc8+ Kd7 36. Rd8+ Kc6 37. Na5+ Kb6 38. Rb8+ Ka7 39. Rb7+ Ka8
40. Rxb5 1-0

[Event "Madrid-chT 2324"]
[Site "Madrid"]
[Date "2024.03.17"]
[Round "14.5"]
[White "Gonzalez Tedin, Antonio"]
[Black "Toncheva, Nadya"]
[Result "1/2-1/2"]
[WhiteElo "2102"]
[BlackElo "2257"]
[PlyCount "118"]
[EventDate "2023.11.19"]
[EventType "team-tourn"]
[EventRounds "14"]
[EventCountry "ESP"]
[SourceTitle "AjedrezenMadrid"]
[Source "lmi"]
[SourceDate "2023.11.19"]
[SourceVersion "1"]
[SourceVersionDate "2024.03.19"]
[SourceQuality "1"]
[WhiteTeam "San Sebastian de los Reyes"]
[BlackTeam "Alcorcon Diagonal"]
[WhiteTeamCountry "ESP"]
[BlackTeamCountry "ESP"]

1. c4 c6 2. g3 d5 3. Bg2 Nf6 4. Nf3 Bf5 5. O-O e6 6. d3 h6 7. Qb3 Qc8 8. Nc3
Be7 9. Nd4 Bg6 10. cxd5 cxd5 11. Bf4 O-O 12. Rac1 Qd7 13. Ncb5 Nc6 14. Nf3 Rfc8
15. h3 Ne8 16. Rfd1 f6 17. e4 e5 18. Qxd5+ Qxd5 19. exd5 Nb4 20. Be3 a6 21. Nh4
Bh5 22. g4 Bxg4 23. hxg4 axb5 24. a3 Rxc1 25. Bxc1 Nc2 26. Nf5 Bf8 27. d4 g6
28. Nxh6+ Kh7 29. dxe5 Bxh6 30. Bxh6 Kxh6 31. Be4 fxe5 32. Bxc2 Nd6 33. Re1 Re8
34. Kg2 Kg5 35. Kg3 Kf6 36. Re3 Rc8 37. Rf3+ Kg5 38. Rc3 Rxc3+ 39. bxc3 e4 40.
a4 bxa4 41. Bxa4 Kf6 42. f4 exf3 43. Kxf3 Ke5 44. Bb3 Nb5 45. g5 Kf5 46. Ke3
Ke5 47. c4 Nd4 48. Ba4 b6 49. Be8 Nf5+ 50. Kd3 Nd6 51. Bxg6 Kf4 52. Kd4 Kxg5
53. c5 Kxg6 54. cxb6 Kf6 55. Kc5 Ke5 56. Kc6 Nc4 57. b7 Na5+ 58. Kc7 Nxb7 59.
Kxb7 Kxd5 1/2-1/2